| 000 | 00399nam a2200145 a 4500 | ||
|---|---|---|---|
| 001 | 000016739 | ||
| 005 | 20200929164944.0 | ||
| 008 | 100310s1980 dr 000 0 spa d | ||
| 040 |
_aDO-SdBNP _bspa _cBNPHU |
||
| 082 |
_axxx _bT18v |
||
| 245 | 0 | 0 | _aTarifa de vehículos de motor. |
| 260 |
_aSanto Domingo : _bSeguros La Alianza _fImpresora Ángel _c1980. |
||
| 300 |
_a24 p. ; _c17 cm. |
||
| 049 | _aBNPD | ||
| 999 |
_c16271 _d16271 |
||